| 000 | 00413nam a22001697a 4500 | ||
|---|---|---|---|
| 005 | 20180707154627.0 | ||
| 008 | 180707b xxu||||| |||| 00| 0 eng d | ||
| 020 | _a81-297-0275-4 | ||
| 041 | _aeng | ||
| 082 | _a658.15 | ||
| 100 |
_aGITMAN, LAWRENCE J. _91206 |
||
| 245 | _aPRINCIPLES OF MANAGERIAL FINANCE | ||
| 250 | _a10Ed. | ||
| 260 |
_anew delhi _bpearson education _c2003 |
||
| 300 | _a794p, | ||
| 942 | _cBK | ||
| 999 |
_c5721 _d5719 |
||